Statistics for Stem Duchies of the Holy Roman Empire

Click here to take the quiz!

General Stats

  • This quiz has been taken 207 times
  • The average score is 4 of 5

Answer Stats

Answer% Correct
Bavaria
95%
Saxony
89%
Swabia
73%
Franconia
65%
Lotharingia
38%

Score Distribution

Percentile by Number Answered

Percent of People with Each Score

Your Score History

You have not taken this quiz